[Event "Challenge"]
[Site "http://www.queenalice.com/game.php?id=299828"]
[Date "2007.11.7"]
[Round "-"]
[White "walkingpilgrim"]
[Black "jovy1097"]
[Result "0-1"]
[WhiteElo "1101"]
[BlackElo "1831"]

1. g3 d5 2. d4 Nf6 3. Nc3 c6 4. Nf3 Bf5 5. Bf4 Nbd7 6. e3 e6 7. Be5 Be7 8. Bd3
Bg4 9. O-O Qb6 10. a4 O-O-O 11. Ra3 Nxe5 12. Be2 Nxf3+ 13. Bxf3 Bxf3 14. Qxf3
Qxb2 15. Rb3 Qxc2 16. Ra3 Bxa3 17. Nd1 Qxa4 18. Nc3 Qb4 19. Ne2 h5 20. h4 Qe7
21. Nc3 Ng4 22. Rb1 Rdg8 23. Na4 g5 24. Nc5 Bxc5 25. dxc5 gxh4 26. Ra1 hxg3 27.
fxg3 h4 28. Rxa7 hxg3 29. Qf4 Ne5 30. Qxe5 Qxc5 31. Ra8+ Kd7 32. Rxg8 Rxg8 0-1

[Event "Challenge"]
[Site "http://www.queenalice.com/game.php?id=300887"]
[Date "2007.11.9"]
[Round "-"]
[White "jovy1097"]
[Black "walkingpilgrim"]
[Result "1-0"]
[WhiteElo "1829"]
[BlackElo "1103"]

1. d4 d5 2. c4 Nf6 3. Nc3 e6 4. e3 Bb4 5. Qc2 O-O 6. Nf3 Qd6 7. a3 Bxc3+ 8. Qxc3
Ne4 9. Qc2 Bd7 10. Bd3 Nc6 11. Bxe4 dxe4 12. Qxe4 f5 13. Qc2 Rf6 14. O-O Rg6 15.
Re1 Rf8 16. b4 b5 17. Bb2 Ne7 18. Ne5 bxc4 19. Nxg6 Nxg6 20. Qxc4 h6 21. Qc3 Bb5
22. d5 Qxd5 23. Qxg7# 1-0

[Event "Challenge"]
[Site "http://www.queenalice.com/game.php?id=311322"]
[Date "2007.11.28"]
[Round "-"]
[White "jovy1097"]
[Black "walkingpilgrim"]
[Result "1-0"]
[WhiteElo "1881"]
[BlackElo "1099"]

1. d4 d5 2. c4 Nf6 3. cxd5 Nxd5 4. e4 Nf4 5. Bxf4 e6 6. Nc3 Nc6 7. Nf3 Qf6 8.
Bxc7 Bb4 9. Be2 O-O 10. O-O Qe7 11. Bf4 g6 12. d5 exd5 13. exd5 Na5 14. Rc1 Bf5
15. Re1 Rac8 16. Bd3 g5 17. Rxe7 Bxe7 18. Bxf5 Rc4 19. Be3 Bc5 20. Bxg5 f6 21.
Bh6 Re8 22. Be6+ 1-0

[Event "Challenge"]
[Site "http://www.queenalice.com/game.php?id=312685"]
[Date "2007.11.29"]
[Round "-"]
[White "walkingpilgrim"]
[Black "jovy1097"]
[Result "0-1"]
[WhiteElo "1097"]
[BlackElo "1874"]

1. g3 d5 2. d4 b6 3. Bf4 Bb7 4. Nc3 a6 5. Bh3 Nf6 6. g4 e6 7. g5 Nfd7 8. e3 c5
9. Nge2 Nc6 10. dxc5 Nxc5 11. Qd4 Nxd4 12. exd4 Ne4 13. Na4 Be7 14. O-O-O Nxf2
15. Bg2 Nxh1 16. Bxh1 Bxg5 17. Nxb6 Bxf4+ 18. Nxf4 Qxb6 19. b3 Rc8 0-1

[Event "Challenge"]
[Site "http://www.queenalice.com/game.php?id=321557"]
[Date "2007.12.17"]
[Round "-"]
[White "ttapada"]
[Black "walkingpilgrim"]
[Result "0-1"]
[WhiteElo "1021"]
[BlackElo "1093"]

1. e4 e5 2. d3 Nc6 3. Nf3 Bb4+ 4. c3 Ba5 5. Nh4 Nge7 6. f3 b6 7. Be3 f6 8. g3 g5
9. Ng2 Ng6 10. Nd2 d6 11. Qa4 Bd7 12. O-O-O Qe7 13. Nc4 Rb8 14. Nxa5 Nxa5 15.
Qb4 c5 16. Qa3 b5 17. Qxa5 O-O 18. b4 cxb4 19. Qxb4 h5 20. Bxa7 Rb7 21. Qa5 g4
22. Be2 Ra8 23. Qb4 Raxa7 24. Qb3+ Be6 25. Qc2 Rxa2 26. Qb1 Qc7 27. c4 Rxe2 28.
Rhg1 Qc5 29. Rge1 Qa3+ 30. Qb2 Qxb2# 0-1

[Event "Challenge"]
[Site "http://www.queenalice.com/game.php?id=326222"]
[Date "2007.12.26"]
[Round "-"]
[White "jovy1097"]
[Black "walkingpilgrim"]
[Result "0-1"]
[WhiteElo "1891"]
[BlackElo "1106"]

1. d4 d5 2. c4 Bf5 3. Nc3 e6 4. e3 Nf6 5. Nf3 Bb4 6. Bd2 O-O 7. a3 Bd6 8. c5 Be7
9. Be2 c6 10. O-O Nbd7 11. b4 b5 12. cxb6 axb6 13. Bc1 b5 14. h3 Nb6 15. Ne5 Qd6
16. Bb2 g6 17. g4 Be4 18. f3 Bf5 19. gxf5 exf5 20. Kf2 Nh5 21. f4 Bh4+ 22. Kg2
f6 23. Nf3 g5 24. Nxh4 gxh4 25. Bxh5 Qe6 26. Qe1 Nc4 27. Bc1 Ra7 28. Kf3 Rg7 29.
Qxh4 Nd6 30. Qf2 Ne4 31. Nxe4 Qxe4+ 32. Ke2 Qc2+ 33. Ke1 Qc3+ 34. Bd2 Qxa1+ 35.
Ke2 Qxa3 36. Rc1 Qa6 37. Kf3 Qc8 38. Be1 Qe6 39. Qc2 Ra8 40. Kf2 Ra3 41. Be2
Qxe3+ 42. Kf1 Rg1# 0-1

[Event "Challenge"]
[Site "http://www.queenalice.com/game.php?id=329847"]
[Date "2008.1.3"]
[Round "-"]
[White "walkingpilgrim"]
[Black "jovy1097"]
[Result "0-1"]
[WhiteElo "1095"]
[BlackElo "1889"]

1. c3 Nf6 2. e3 d5 3. d4 e6 4. Nd2 c5 5. Bb5+ Bd7 6. a4 a6 7. Bxd7+ Nbxd7 8.
Ngf3 Be7 9. O-O O-O 10. a5 c4 11. Ra4 b5 12. Rb4 Bxb4 13. cxb4 Qe7 14. Ng5 Qxb4
15. f4 h6 16. Ngf3 Qxa5 17. b3 Rfb8 18. Nh4 Qd8 19. g4 Nh7 20. g5 a5 21. gxh6
Qxh4 22. Nf3 Qxh6 23. Qe1 cxb3 24. Qc3 a4 25. Qc6 Nhf6 26. Qd6 a3 0-1

[Event "Challenge"]
[Site "http://www.queenalice.com/game.php?id=330971"]
[Date "2008.1.5"]
[Round "-"]
[White "Youngknight"]
[Black "walkingpilgrim"]
[Result "1-0"]
[WhiteElo "1500"]
[BlackElo "1166"]

1. e4 e5 2. Nf3 Nc6 3. Nc3 g6 4. d3 Bh6 5. a4 d6 6. g3 a6 7. Ra3 Be6 8. Bg2 Qb8
9. O-O Nf6 10. Bxh6 Qa7 11. Bg7 Rg8 12. Bxf6 a5 13. Nb5 Qb6 14. d4 Bc4 15. Re1
Nb4 16. Nd2 Nc6 17. Nxc4 Qxb5 18. axb5 Nxd4 19. b6 cxb6 20. Nxb6 Ra6 21. Nd5 Rc6
22. c3 Ne6 23. Ne7 Rf8 24. Nxc6 bxc6 25. Qxd6 1-0

[Event "Challenge"]
[Site "http://www.queenalice.com/game.php?id=335591"]
[Date "2008.1.12"]
[Round "-"]
[White "walkingpilgrim"]
[Black "jovy1097"]
[Result "0-1"]
[WhiteElo "1166"]
[BlackElo "1842"]

1. d4 Nf6 2. g3 g6 3. Nf3 d6 4. Nc3 Bg7 5. e4 c5 6. e5 Nfd7 7. exd6 cxd4 8. Qxd4
Bxd4 9. Nxd4 exd6 10. Bg2 O-O 11. Bh6 Re8+ 12. Ne4 d5 13. O-O-O dxe4 14. Rhe1 f5
15. Bf1 Ne5 16. h4 Qa5 17. Bc4+ Nxc4 18. Nb3 Qxa2 19. Rd4 Qxb2+ 20. Kd1 Qb1+ 21.
Ke2 Qxc2+ 22. Kf1 Qxb3 23. Re2 Bd7 24. h5 Bb5 25. hxg6 hxg6 26. f3 Nc6 27. Rd7
Ne7 28. Rh2 Bxd7 29. Bg5 Qd1+ 30. Kg2 Qxf3+ 31. Kh3 f4+ 32. Kh4 Qh5# 0-1

[Event "Challenge"]
[Site "http://www.queenalice.com/game.php?id=337127"]
[Date "2008.1.16"]
[Round "-"]
[White "FelipeNunes"]
[Black "walkingpilgrim"]
[Result "1-0"]
[WhiteElo "1692"]
[BlackElo "1174"]

1. e4 g6 2. d4 Nc6 3. d5 Ne5 4. f4 d6 5. fxe5 dxe5 6. Bg5 Nh6 7. Nf3 f6 8. Bh4
g5 9. Bg3 e6 10. Bb5+ Bd7 11. Bc4 Bc5 12. dxe6 Bc6 13. Bd5 Bb4+ 14. c3 Bc5 15.
Nxe5 fxe5 16. Qh5+ Ke7 17. Qxg5+ Ke8 18. Qh5+ Ke7 19. Bh4+ Kd6 20. Bxd8 Raxd8
21. Qxh6 Rhf8 22. e7+ Kd7 23. exd8=Q+ Kxd8 24. Bxc6 bxc6 25. Qxc6 Bf2+ 26. Kd1
Be3 27. Qa8+ Ke7 28. Qxf8+ Kxf8 29. Rf1+ Ke7 30. Nd2 c5 31. Nc4 Bg5 32. Nxe5 Ke6
33. Nf7 Be7 34. e5 Kd5 35. Nh8 1-0

[Event "Challenge"]
[Site "http://www.queenalice.com/game.php?id=338688"]
[Date "2008.1.18"]
[Round "-"]
[White "jovy1097"]
[Black "walkingpilgrim"]
[Result "1-0"]
[WhiteElo "1862"]
[BlackElo "1164"]

1. d4 g6 2. c4 d6 3. Nc3 Bg7 4. Nf3 Bg4 5. e4 c5 6. Be2 cxd4 7. Nxd4 f5 8. Ne6
Qd7 9. Nxg7+ Kf7 10. Bxg4 fxg4 11. O-O Kxg7 12. Re1 Nf6 13. b3 Nc6 14. Bb2 e5
15. c5 dxc5 16. Nd5 Nxd5 17. exd5 Nb4 18. Bxe5+ Kg8 19. d6 h5 20. a3 Nc6 21.
Qd5+ Kf8 22. Bxh8 Qf5 23. Be5 Re8 24. Qxc5 Kf7 25. Qd5+ Qe6 26. Qxe6+ Rxe6 27.
Bg3 Nd4 28. Rxe6 Nxe6 29. Rd1 g5 30. d7 Ke7 31. Kf1 h4 32. Bb8 a6 33. Ke2 h3 34.
g3 b6 35. Rd6 b5 36. Rxe6+ Kxe6 37. d8=Q a5 38. Qxa5 Kf5 39. Qxb5+ Ke4 40. Qd3#
1-0

[Event "Challenge"]
[Site "http://www.queenalice.com/game.php?id=338945"]
[Date "2008.1.19"]
[Round "-"]
[White "maverick"]
[Black "walkingpilgrim"]
[Result "0-1"]
[WhiteElo "1543"]
[BlackElo "1136"]

1. d4 d5 2. Nc3 Nf6 3. f3 e6 4. e3 Nc6 5. b3 Bb4 6. Bb2 Qd6 7. Bb5 O-O 8. Qd2 a6
9. Bd3 e5 10. a3 Ba5 11. O-O-O b5 0-1

[Event "Challenge"]
[Site "http://www.queenalice.com/game.php?id=342127"]
[Date "2008.1.24"]
[Round "-"]
[White "walkingpilgrim"]
[Black "jovy1097"]
[Result "0-1"]
[WhiteElo "1176"]
[BlackElo "1873"]

1. e4 e6 2. g3 d5 3. d3 dxe4 4. Nc3 exd3 5. cxd3 Nf6 6. Bg2 Bd7 7. Nge2 Nc6 8.
Be3 Be7 9. Qb3 b6 10. O-O O-O 11. Rac1 Rc8 12. Rfe1 Na5 13. Qc2 c5 14. a3 Nc6
15. Bf3 Ne5 16. Bb7 Rc7 17. Bg2 Bc8 18. f4 Nxd3 19. Red1 Rd7 20. Be4 Nxc1 21.
Rxc1 Nxe4 22. Qxe4 Bb7 23. Qe5 Bf6 24. Qh5 Rd3 25. Rd1 Rxd1+ 26. Nxd1 Qxd1+ 27.
Kf2 Qh1 28. g4 Qf3+ 29. Ke1 Qxe3 30. g5 Bf3 31. Qh3 Qxe2# 0-1

[Event "Challenge"]
[Site "http://www.queenalice.com/game.php?id=345813"]
[Date "2008.1.31"]
[Round "-"]
[White "jovy1097"]
[Black "walkingpilgrim"]
[Result "1-0"]
[WhiteElo "1839"]
[BlackElo "1172"]

1. d4 d5 2. c4 Nf6 3. cxd5 Nxd5 4. e4 Nb4 5. Nf3 f6 6. Nc3 N8a6 7. Bc4 e5 8. O-O
exd4 9. Nxd4 Nc5 10. Re1 Bd6 11. a3 Nc6 12. Nxc6 bxc6 13. b4 Nb7 14. Bb2 Qe7 15.
Qh5+ g6 16. Qf3 h5 17. Ne2 Bg4 18. Qxf6 Qxf6 19. Bxf6 Rf8 20. Bb2 c5 21. h3 Bd7
22. e5 Be7 23. e6 Bc6 24. b5 Be4 25. Rad1 Na5 26. Ba2 Rb8 27. Nc3 Rd8 28. Nxe4
Rf4 29. f3 Nb7 30. Be5 Rf8 31. Bxc7 Rxd1 32. Rxd1 Bd8 33. Bxd8 Nxd8 34. Nxc5 g5
35. Rd7 h4 36. e7 1-0

[Event "Challenge"]
[Site "http://www.queenalice.com/game.php?id=347760"]
[Date "2008.2.3"]
[Round "-"]
[White "walkingpilgrim"]
[Black "jovy1097"]
[Result "0-1"]
[WhiteElo "1170"]
[BlackElo "1818"]

1. g3 d5 2. d4 Nf6 3. Bg2 Bf5 4. Nf3 e6 5. Be3 Nc6 6. O-O Be7 7. Nc3 O-O 8. Bg5
h6 9. Bf4 a6 10. a4 Nb4 11. Ra3 Nxc2 12. Rb3 Nb4 13. Nh4 Bh7 14. Qd2 Kh8 15. Kh1
g5 16. Be5 gxh4 17. gxh4 b6 18. Qxh6 Nc6 19. Bg3 Rg8 20. Nd1 Bf8 21. Qh5 Nxh5
22. Rc3 Nxd4 23. Re3 Nxg3+ 24. fxg3 Qe7 25. Rf4 Nf5 26. Rd3 Bh6 27. Rf2 Raf8 28.
b4 Nxh4 29. gxh4 Bxd3 30. exd3 Qxh4 31. b5 axb5 32. axb5 Be3 33. Rf3 Bd4 34. Rh3
Qxh3 35. Bxh3 Rg1# 0-1

[Event "=]"]
[Site "http://www.queenalice.com/game.php?id=362649"]
[Date "2008.2.28"]
[Round "-"]
[White "DedeiTairone"]
[Black "walkingpilgrim"]
[Result "1-0"]
[WhiteElo "1166"]
[BlackElo "1168"]

1. d4 d5 2. e3 e6 3. Nf3 Nf6 4. Ne5 Qe7 5. c3 g6 6. Nd2 Bg7 7. Ndf3 Nc6 8. Nxc6
bxc6 9. Ne5 O-O 10. Nxc6 Qd6 11. Nb4 e5 12. Be2 1-0

[Event "Challenge"]
[Site "http://www.queenalice.com/game.php?id=475538"]
[Date "2008.10.10"]
[Round "-"]
[White "walkingpilgrim"]
[Black "jovy1097"]
[Result "0-1"]
[WhiteElo "1168"]
[BlackElo "1849"]

1. e3 e5 2. Nf3 Nc6 3. d4 exd4 4. exd4 Nf6 5. Qd3 Bb4+ 6. Bd2 Bxd2+ 7. Nbxd2 d6
8. O-O-O O-O 9. Re1 h6 10. g3 Be6 11. Bg2 Bxa2 12. Bh3 Bd5 13. c4 Bxf3 14. Qxf3
a5 15. d5 Ne5 16. Bf5 Nxf3 17. Nxf3 a4 18. Re2 a3 19. bxa3 Rxa3 20. Nd4 Ra1+ 21.
Kd2 Rxh1 22. Re1 Rxe1 23. Kxe1 Qa8 24. f4 Qa1+ 25. Ke2 Qxd4 0-1

[Event "Challenge"]
[Site "http://www.queenalice.com/game.php?id=475700"]
[Date "2008.10.10"]
[Round "-"]
[White "jovy1097"]
[Black "walkingpilgrim"]
[Result "1-0"]
[WhiteElo "1874"]
[BlackElo "1166"]

1. d4 d5 2. c4 e6 3. Nc3 Bb4 4. Nf3 Nf6 5. Bg5 h6 6. Bh4 Qd6 7. Bxf6 gxf6 8.
cxd5 Nd7 9. e4 Rg8 10. Qb3 a5 11. a3 Ra6 12. Bxa6 bxa6 13. axb4 axb4 14. Na2 a5
15. dxe6 fxe6 16. O-O Qe7 17. e5 Qg7 18. Qxe6+ Kf8 19. Nh4 Nb6 20. Qxf6+ Ke8 21.
Qxg7 Rxg7 22. Rad1 Bg4 23. f3 Be6 24. Nc1 Nc4 25. Rfe1 c6 26. b3 Nb2 27. Rd2 Rd7
28. Rxb2 Rxd4 29. g3 c5 30. Ng2 c4 31. Nf4 Bf5 32. bxc4 Rxc4 33. Ncd3 a4 34.
Nxb4 a3 35. Rb3 a2 36. Nxa2 1-0

[Event "Challenge"]
[Site "http://www.queenalice.com/game.php?id=496571"]
[Date "2008.11.21"]
[Round "-"]
[White "walkingpilgrim"]
[Black "jovy1097"]
[Result "0-1"]
[WhiteElo "1162"]
[BlackElo "1873"]

1. e4 c6 2. Bc4 d5 3. exd5 cxd5 4. Bb3 Nf6 5. d3 Bf5 6. Nf3 Nc6 7. O-O e6 8. Bf4
Bc5 9. Qe2 O-O 10. Nc3 a6 11. a4 Nd4 12. Qe5 Nxb3 13. cxb3 Bxd3 14. Rad1 Bxf1
15. Rxf1 Rc8 16. Ne2 Qb6 17. Ng3 Rc6 18. Nh5 Nxh5 19. Qxh5 Be7 20. Be5 f6 21.
Bd4 Qxb3 22. Nh4 Qxa4 23. Be3 f5 24. Bg5 Bxg5 0-1

[Event "Challenge"]
[Site "http://www.queenalice.com/game.php?id=502585"]
[Date "2008.12.4"]
[Round "-"]
[White "jovy1097"]
[Black "walkingpilgrim"]
[Result "1-0"]
[WhiteElo "1871"]
[BlackElo "1164"]

1. e4 e5 2. f4 d6 3. d3 Nf6 4. Nf3 Bg4 5. fxe5 dxe5 6. Be2 Bd6 7. Nc3 Nbd7 8.
O-O O-O 9. Bg5 h6 10. Bxf6 Nxf6 11. h3 Be6 12. Nh4 Bc5+ 13. Kh1 g5 14. Nf5 Bd4
15. Nxh6+ 1-0